[Event "Unterfranken-ch HB 45th"]
[Site "Oberweissenbrunn"]
[Date "1994.??.??"]
[Round "1"]
[White "Klein, Herbert"]
[Black "Feidel, Claudius"]
[Result "1-0"]
[WhiteElo "1788"]
[BlackElo "1515"]
[PlyCount "47"]
[EventDate "1994.04.04"]
[EventType "swiss"]
[EventRounds "9"]
[EventCountry "GER"]
[SourceTitle "EXT 2015"]
[Source "ChessBase"]
[SourceDate "2014.11.20"]
[SourceVersion "1"]
[SourceVersionDate "2014.11.20"]
[SourceQuality "1"]

1. d4 e6 2. c4 Nf6 3. Nc3 d5 4. Nf3 c5 5. e3 cxd4 6. Nxd4 Nc6 7. cxd5 Nxd5 8. Nxc6 bxc6 9. Bd2 Be7 10. a3 Bd7 11. Qc2 Bf6 12. Rd1 Rb8 13. Be2 0-0 14. 0-0 Qb6 15. b4 Rfd8 16. Na4 Qc7 17. Nc5 Bc8 18. g3 Be7 19. e4 Bxc5 20. Qxc5 Nf6 21. Bf4 Nxe4 22. Bxc7 Rxd1 23. Rxd1 Ba6 24. Bxb8 1-0

[Event "Unterfranken-ch HB 45th"]
[Site "Oberweissenbrunn"]
[Date "1994.??.??"]
[Round "3"]
[White "Klein, Herbert"]
[Black "Market, Heinrich"]
[Result "1-0"]
[WhiteElo "1788"]
[BlackElo "1637"]
[PlyCount "161"]
[EventDate "1994.04.04"]
[EventType "swiss"]
[EventRounds "9"]
[EventCountry "GER"]
[SourceTitle "EXT 2015"]
[Source "ChessBase"]
[SourceDate "2014.11.20"]
[SourceVersion "1"]
[SourceVersionDate "2014.11.20"]
[SourceQuality "1"]

1. d4 d5 2. c4 e6 3. Nc3 c6 4. e3 Nf6 5. Nf3 Bd6 6. Bd2 Nbd7 7. Qc2 0-0 8. Bd3 e5 9. cxd5 cxd5 10. dxe5 Nxe5 11. Nxe5 Bxe5 12. Ne2 Be6 13. f4 Bd6 14. Nd4 Bd7 15. 0-0 Rc8 16. Qb3 b6 17. Rac1 Qe7 18. Nf5 Bxf5 19. Bxf5 Rxc1 20. Rxc1 Bc5 21. Re1 Rd8 22. Qd1 g6 23. Bb1 Ne4 24. Bxe4 dxe4 25. Qc1 Qd7 26. Bc3 a5 27. Bxa5 Bxe3+ 28. Qxe3 bxa5 29. Qxe4 Qd2 30. Re2 Qc1+ 31. Kf2 Qc5+ 32. Qe3 Qh5 33. h3 Rd1 34. Qe8+ Kg7 35. Qe5+ Qxe5 36. Rxe5 Rd2+ 37. Re2 Rd5 38. Ke3 h5 39. Rd2 Rb5 40. b3 h4 41. Ke4 Kh6 42. Rd5 f5+ 43. Ke5 Rb4 44. Rd4 Rb5+ 45. Kd6 Rb8 46. Kc7 Re8 47. Rd2 Re4 48. Rf2 Rb4 49. Kc6 g5 50. fxg5+ Kxg5 51. Kc5 f4 52. Rd2 Re4 53. Rd5+ Kg6 54. Rd4 Re5+ 55. Kc4 Re2 56. Rxf4 Rxg2 57. Rxh4 Rxa2 58. Kc3 Rf2 59. Ra4 Rf3+ 60. Kc4 Rxh3 61. Rxa5 Kf6 62. Rd5 Ke6 63. Rd8 Ke7 64. Rd1 Rh8 65. b4 Rc8+ 66. Kb5 Rb8+ 67. Ka4 Ra8+ 68. Kb3 Rb8 69. Ka3 Ra8+ 70. Kb2 Rb8 71. Kb3 Rb7 72. Kc4 Rc7+ 73. Kb5 Rc2 74. Kb6 Rc3 75. b5 Rc2 76. Kb7 Rc3 77. b6 Rc2 78. Kb8 Rc3 79. b7 Rc2 80. Ra1 Kd7 81. Ka8 1-0